[Event "97th YMCA Autumn B"]
[Site "Warszawa"]
[Date "2011.10.10"]
[Round "1"]
[White "Rzepecka, Dorota"]
[Black "Filar, Slawomir"]
[Result "1/2-1/2"]
[WhiteElo "1897"]
[BlackElo "2038"]
[PlyCount "51"]
[EventDate "2011.09.21"]
[EventType "tourn"]
[EventRounds "1"]
[EventCountry "POL"]
[SourceDate "2011.09.21"]

1. e4 c6 2. d4 d5 3. exd5 cxd5 4. c4 Nf6 5. Nc3 Nc6 6. Nf3 Bg4 7. cxd5 Nxd5 8.
Be2 e6 9. O-O Be7 10. Re1 O-O 11. h3 Bh5 12. a3 Rc8 13. Ne4 Nf6 14. Ng3 Bg6 15.
Be3 Ne4 16. Nxe4 Bxe4 17. Qb3 Na5 18. Qb5 Bd5 19. Rac1 Rxc1 20. Rxc1 a6 21. Qd3
b5 22. Qc3 Nb3 23. Rc2 Na1 24. Rc1 Nb3 25. Rc2 Na1 26. Rc1 1/2-1/2

[Event "97th YMCA Autumn B"]
[Site "Warszawa"]
[Date "2011.09.21"]
[Round "1"]
[White "Sielicki, Tomasz"]
[Black "Rozowski, Marcin"]
[Result "1-0"]
[WhiteElo "2022"]
[BlackElo "1908"]
[PlyCount "65"]
[EventDate "2011.09.21"]
[EventType "tourn"]
[EventRounds "1"]
[EventCountry "POL"]
[SourceDate "2011.09.21"]

1. d4 d5 2. c4 c6 3. Nf3 Nf6 4. Nbd2 Bf5 5. e3 e6 6. Nh4 Bg4 7. Qc2 Nbd7 8. h3
Bh5 9. g4 Bg6 10. Nxg6 hxg6 11. g5 Ng8 12. h4 Ne7 13. Nf3 Nf5 14. Bd2 Bd6 15.
O-O-O Qc7 16. Kb1 O-O-O 17. c5 Be7 18. Bd3 Rh5 19. Qa4 Qb8 20. b4 a6 21. Qc2
Rdh8 22. a4 Nxh4 23. Rxh4 Rxh4 24. Nxh4 Rxh4 25. f4 Qc7 26. b5 axb5 27. axb5
Nb8 28. Qa4 cxb5 29. Bxb5 Nc6 30. Kc2 Kd7 31. Rb1 Rh8 32. Qa7 Rc8 33. Ba5 1-0

[Event "97th YMCA Autumn B"]
[Site "Warszawa"]
[Date "2011.09.21"]
[Round "1"]
[White "Safanowski, Tomasz"]
[Black "Kubeczko, Grzegorz"]
[Result "1/2-1/2"]
[WhiteElo "1953"]
[BlackElo "2005"]
[Annotator "M"]
[PlyCount "51"]
[EventDate "2011.09.21"]
[EventType "tourn"]
[EventRounds "1"]
[EventCountry "POL"]
[SourceDate "2011.09.21"]

1. Nf3 Nf6 2. e3 d5 3. b3 c5 4. Bb2 e6 5. d4 Nc6 6. Bd3 cxd4 7. exd4 Be7 8. a3
O-O 9. Nbd2 b6 10. Qe2 Bb7 11. O-O Rc8 12. Ne5 Nxe5 13. dxe5 Nd7 14. b4 a5 15.
c3 f5 16. Nb3 Nb8 17. Rad1 axb4 18. axb4 Rc7 19. Nd4 Qd7 20. Bb5 Nc6 21. Qe3
Qc8 22. Nxc6 Bxc6 23. Qxb6 Ba8 24. Ba6 Rc6 25. Bxc8 Rxb6 26. Bd7 $11 1/2-1/2

[Event "97th YMCA Autumn B"]
[Site "Warszawa"]
[Date "2011.10.14"]
[Round "1"]
[White "Bernacki, Gabriel"]
[Black "Jarmula, Lukasz"]
[Result "0-1"]
[WhiteElo "1914"]
[BlackElo "1940"]
[PlyCount "68"]
[EventDate "2011.09.21"]
[EventType "tourn"]
[EventRounds "1"]
[EventCountry "POL"]
[SourceDate "2011.09.21"]

1. d4 Nf6 2. c4 e6 3. Nc3 Bb4 4. e3 O-O 5. Bd3 d5 6. Nf3 c5 7. O-O Nc6 8. a3
Bxc3 9. bxc3 Qc7 10. Qc2 dxc4 11. Bxc4 e5 12. Bb5 e4 13. Bxc6 bxc6 14. Ne5 Re8
15. a4 Ng4 16. Qxe4 Nxe5 17. Ba3 Ba6 18. dxe5 Rxe5 19. Qf4 Bxf1 20. Rxf1 Qe7
21. Rb1 Rd8 22. a5 Red5 23. g3 h6 24. a6 Rd1+ 25. Rxd1 Rxd1+ 26. Kg2 Ra1 27.
Qb8+ Kh7 28. Qb2 Re1 29. Qc2+ g6 30. c4 f5 31. Kf3 Ra1 32. Bb2 Qe4+ 33. Qxe4
fxe4+ 34. Kxe4 Rxa6 0-1

[Event "97th YMCA Autumn B"]
[Site "Warszawa"]
[Date "2011.09.21"]
[Round "1"]
[White "Jozwik, Jacek"]
[Black "Rusin, Ryszard"]
[Result "1/2-1/2"]
[WhiteElo "1998"]
[BlackElo "1859"]
[PlyCount "143"]
[EventDate "2011.09.21"]
[EventType "tourn"]
[EventRounds "1"]
[EventCountry "POL"]
[SourceDate "2011.09.21"]

1. d4 d5 2. Nf3 Nf6 3. c4 c6 4. Nc3 e6 5. e3 Be7 6. Bd3 Nbd7 7. O-O O-O 8. b3
a6 9. Bb2 dxc4 10. bxc4 Qa5 11. e4 e5 12. d5 Rd8 13. Qd2 Qc7 14. Ne2 Bd6 15.
Ng3 Nc5 16. h3 Na4 17. Bc1 b5 18. Qc2 Nc5 19. Bg5 Be7 20. Rfd1 bxc4 21. Bxc4
cxd5 22. Bxf6 dxc4 23. Bxe5 Bd6 24. Bxd6 Rxd6 25. Rxd6 Qxd6 26. Rd1 Qe7 27.
Qxc4 Be6 28. Qc2 g6 29. Nd4 Bd7 30. f3 Rc8 31. Nge2 Ba4 32. Nb3 Qb7 33. Rc1 Qb6
34. Kh1 Rc6 35. Ned4 Nxb3 36. Nxc6 Nxc1 37. Qxa4 Ne2 38. Ne7+ Kf8 39. Qd1 Ng3+
40. Kh2 Qb8 41. Nc6 Nf1+ 42. Kg1 Qb6+ 43. Kxf1 Qxc6 44. Qd8+ Kg7 45. Qd4+ Kg8
46. a4 Qc2 47. e5 h5 48. h4 Kf8 49. Qd8+ Kg7 50. Qf6+ Kg8 51. Qxa6 Qc1+ 52. Kf2
Qb2+ 53. Qe2 Qd4+ 54. Kf1 Qxa4 55. g3 Qd7 56. Kg2 Qe6 57. Qe4 Kg7 58. g4 hxg4
59. fxg4 Qa2+ 60. Kg3 Qb3+ 61. Kf4 Qb6 62. Qe3 Qb4+ 63. Kg3 Qe7 64. Qc3 Kh6 65.
Qe3+ Kg7 66. g5 Qe6 67. Qc3 Kh7 68. Qd4 Qb3+ 69. Kf4 Qh3 70. Qf2 Qf5+ 71. Kg3
Qxe5+ 72. Kh3 1/2-1/2

[Event "97th YMCA Autumn B"]
[Site "Warszawa"]
[Date "2011.09.21"]
[Round "1"]
[White "Szefer, Michal"]
[Black "Sawicki, Mikolaj"]
[Result "1/2-1/2"]
[WhiteElo "2041"]
[BlackElo "2034"]
[Annotator "M"]
[PlyCount "34"]
[EventDate "2011.09.21"]
[EventType "tourn"]
[EventRounds "1"]
[EventCountry "POL"]
[SourceDate "2011.09.21"]

1. e4 c5 2. Nf3 d6 3. d4 cxd4 4. Nxd4 Nf6 5. Nc3 g6 6. f4 Nc6 7. Be3 Bg7 8. Be2
O-O 9. Qd2 Bd7 10. O-O Rc8 11. Rad1 a6 12. Kh1 Na5 13. b3 Re8 14. Bf3 Nc6 15.
Nd5 Nxd5 16. Nxc6 bxc6 17. exd5 cxd5 $11 1/2-1/2

[Event "97th YMCA Autumn B"]
[Site "Warszawa"]
[Date "2011.09.28"]
[Round "2"]
[White "Filar, Slawomir"]
[Black "Sawicki, Mikolaj"]
[Result "0-1"]
[WhiteElo "2038"]
[BlackElo "2034"]
[PlyCount "90"]
[EventDate "2011.09.21"]
[EventType "tourn"]
[EventRounds "1"]
[EventCountry "POL"]
[SourceDate "2011.09.21"]

1. c4 e5 2. g3 Nc6 3. Bg2 d6 4. Nc3 Be6 5. d3 Qd7 6. b4 g6 7. b5 Nd8 8. Bb2 Bg7
9. Nf3 h6 10. Qc2 Ne7 11. a4 O-O 12. O-O Bh3 13. Rfd1 Bxg2 14. Kxg2 f5 15. e3
Ne6 16. h4 g5 17. hxg5 hxg5 18. Rh1 Ng6 19. Rh5 Qd8 20. Rah1 g4 21. Nh4 Nxh4+
22. R5xh4 Qg5 23. Ne2 Kf7 24. d4 Rh8 25. dxe5 dxe5 26. Rxh8 Rxh8 27. Rxh8 Bxh8
28. Qd3 Bg7 29. Qd5 Qd8 30. Bxe5 Qxd5+ 31. cxd5 Bxe5 32. dxe6+ Kxe6 33. f3 c5
34. bxc6 bxc6 35. fxg4 fxg4 36. Kf2 Kd5 37. Nf4+ Kc4 38. Ng6 Bd6 39. a5 a6 40.
e4 Kd4 41. e5 Bxe5 42. Nxe5 Kxe5 43. Ke3 c5 44. Kd3 Kd5 45. Kc3 c4 0-1

[Event "97th YMCA Autumn B"]
[Site "Warszawa"]
[Date "2011.09.28"]
[Round "2"]
[White "Rusin, Ryszard"]
[Black "Szefer, Michal"]
[Result "1/2-1/2"]
[WhiteElo "1859"]
[BlackElo "2041"]
[PlyCount "102"]
[EventDate "2011.09.21"]
[EventType "tourn"]
[EventRounds "1"]
[EventCountry "POL"]
[SourceDate "2011.09.21"]

1. d4 Nf6 2. c4 e5 3. dxe5 Ne4 4. Qd4 Bb4+ 5. Bd2 Nxd2 6. Nxd2 Nc6 7. Qd5 Bxd2+
8. Qxd2 Nxe5 9. Rc1 O-O 10. e3 b6 11. Qd5 Qe7 12. Qxa8 Qb4+ 13. Kd1 Nc6 14. Bd3
Ba6 15. a3 Qb3+ 16. Bc2 Qxb2 17. Bxh7+ Kxh7 18. Qxf8 Qb3+ 19. Rc2 Bxc4 20. Nf3
Bd3 21. Ne1 Bxc2+ 22. Nxc2 Qb1+ 23. Kd2 Qxh1 24. Qxf7 Qxh2 25. Qf5+ Kg8 26. g3
Qg2 27. e4 Ne7 28. Qf4 d6 29. Ne3 Qh3 30. g4 Qh6 31. g5 Qe6 32. Ke1 c5 33. Kf1
Ng6 34. Qf5 Qxf5 35. Nxf5 Nf4 36. Nxd6 Ne6 37. g6 Nf4 38. Nc8 Nxg6 39. Nxa7 Nf4
40. Nc8 b5 41. Nd6 b4 42. a4 b3 43. Nb5 Nd3 44. a5 Nb4 45. Ke2 b2 46. Nc3 Kf7
47. Kd2 Ke6 48. f4 Kd6 49. Nb1 c4 50. Kc3 Nd3 51. f5 Kc5 1/2-1/2

[Event "97th YMCA Autumn B"]
[Site "Warszawa"]
[Date "2011.10.06"]
[Round "2"]
[White "Jarmula, Lukasz"]
[Black "Jozwik, Jacek"]
[Result "1/2-1/2"]
[WhiteElo "1940"]
[BlackElo "1998"]
[Annotator "M"]
[PlyCount "100"]
[EventDate "2011.09.21"]
[EventType "tourn"]
[EventRounds "1"]
[EventCountry "POL"]
[SourceDate "2011.09.21"]

1. e4 c6 2. d4 d5 3. f3 Nf6 4. Nc3 e6 5. e5 Nfd7 6. f4 c5 7. Nf3 Nc6 8. Be3
cxd4 9. Nxd4 Nxd4 10. Bxd4 Bc5 11. Bxc5 Nxc5 12. Qd4 Qb6 13. b4 Nd7 14. Qxb6
Nxb6 15. Nb5 Ke7 16. Nd6 f6 17. Kd2 Rf8 18. Bd3 h6 19. h4 Nd7 20. Rae1 a5 21.
a3 axb4 22. axb4 fxe5 23. fxe5 Rf2+ 24. Ke3 Rf8 25. Kd4 Rf4+ 26. Kc3 Nxe5 27.
Nf5+ Kf6 28. Nxg7 Kxg7 29. Rxe5 Bd7 30. Ree1 $11 Rf2 31. Re2 Rxe2 32. Bxe2 e5
33. Rd1 Rc8+ 34. Kb3 Be6 35. Kb2 Kf6 36. Rf1+ Ke7 37. g4 Rf8 38. Rxf8 Kxf8 39.
Ka3 Ke7 40. Ka4 Kd6 41. Kb5 d4 42. Bf3 Bd5 43. Bxd5 Kxd5 44. h5 e4 45. g5 e3
46. gxh6 e2 47. h7 e1=Q 48. h8=Q Qe2+ 49. Kb6 Qa6+ 50. Kc7 Qd6+ $11 1/2-1/2

[Event "97th YMCA Autumn B"]
[Site "Warszawa"]
[Date "2011.10.07"]
[Round "2"]
[White "Kubeczko, Grzegorz"]
[Black "Bernacki, Gabriel"]
[Result "0-1"]
[WhiteElo "2005"]
[BlackElo "1914"]
[PlyCount "80"]
[EventDate "2011.09.21"]
[EventType "tourn"]
[EventRounds "1"]
[EventCountry "POL"]
[SourceDate "2011.09.21"]

1. c4 c6 2. Nf3 d5 3. b3 Bg4 4. Bb2 e6 5. Ne5 Bf5 6. d3 Nf6 7. g3 Nbd7 8. Bg2
Bb4+ 9. Nd2 Nxe5 10. Bxe5 O-O 11. O-O Re8 12. a3 Bd6 13. Bb2 Bg4 14. Rc1 Qe7
15. b4 Rad8 16. f3 Bh5 17. e4 e5 18. cxd5 cxd5 19. Qa4 dxe4 20. dxe4 Bc7 21.
Nc4 a6 22. b5 Qc5+ 23. Kh1 Qxb5 24. Qxb5 axb5 25. Ne3 Bb6 26. Nc2 Nd7 27. g4
Bg6 28. Rfd1 Nc5 29. Rxd8 Rxd8 30. Nb4 f6 31. Nd5 Nd3 32. Rc2 Ba7 33. Bf1 Ne1
34. Rc7 Nxf3 35. Ne7+ Kh8 36. Bd3 Bb6 37. Rxb7 Rxd3 38. Rxb6 Rd8 39. Nxg6+ hxg6
40. Rxb5 Rd2 0-1

[Event "97th YMCA Autumn B"]
[Site "Warszawa"]
[Date "2011.09.28"]
[Round "2"]
[White "Rozowski, Marcin"]
[Black "Safanowski, Tomasz"]
[Result "1-0"]
[WhiteElo "1908"]
[BlackElo "1953"]
[PlyCount "69"]
[EventDate "2011.09.21"]
[EventType "tourn"]
[EventRounds "1"]
[EventCountry "POL"]
[SourceDate "2011.09.21"]

1. e4 d6 2. d4 Nf6 3. Nc3 Nbd7 4. Nf3 e5 5. Bc4 Be7 6. O-O O-O 7. h3 c6 8. a4
b6 9. Be3 Bb7 10. Re1 a6 11. Bb3 b5 12. axb5 axb5 13. Rxa8 Qxa8 14. dxe5 dxe5
15. Nd2 Nc5 16. Qf3 Rd8 17. Bxc5 Bxc5 18. Nf1 Bd4 19. Ng3 b4 20. Na4 Qa5 21.
Nf5 Kf8 22. Qg3 g6 23. Qg5 Ng8 24. Nxd4 Rxd4 25. c3 bxc3 26. bxc3 Rxa4 27. Bxa4
Qxa4 28. Qxe5 Qb3 29. Qb8+ Kg7 30. Ra1 c5 31. Qe5+ f6 32. Qxc5 Bxe4 33. Ra7+
Kh6 34. Qe3+ g5 35. Qxe4 1-0

[Event "97th YMCA Autumn B"]
[Site "Warszawa"]
[Date "2011.10.14"]
[Round "2"]
[White "Rzepecka, Dorota"]
[Black "Sielicki, Tomasz"]
[Result "1/2-1/2"]
[WhiteElo "1897"]
[BlackElo "2022"]
[PlyCount "57"]
[EventDate "2011.09.21"]
[EventType "tourn"]
[EventRounds "1"]
[EventCountry "POL"]
[SourceDate "2011.09.21"]

1. e4 e5 2. Nf3 Nc6 3. d4 exd4 4. Nxd4 Nf6 5. Nc3 Bb4 6. Nxc6 bxc6 7. Bd3 d5 8.
exd5 O-O 9. O-O cxd5 10. Bg5 Be6 11. Qf3 Be7 12. h3 Rb8 13. Rab1 h6 14. Bh4 Rb4
15. Bg3 Qd7 16. a3 Rb6 17. Ne2 Ne4 18. Bf4 g5 19. Bxe4 dxe4 20. Qg3 Kh7 21.
Bxc7 Rc6 22. Be5 f5 23. Rfd1 Qc8 24. Qe3 Bc5 25. Bd4 Bd6 26. Bc3 Bc5 27. Bd4
Bd6 28. Bc3 Bc5 29. Bd4 1/2-1/2

[Event "97th YMCA Autumn B"]
[Site "Warszawa"]
[Date "2011.10.05"]
[Round "3"]
[White "Sielicki, Tomasz"]
[Black "Filar, Slawomir"]
[Result "1/2-1/2"]
[WhiteElo "2022"]
[BlackElo "2038"]
[PlyCount "92"]
[EventDate "2011.09.21"]
[EventType "tourn"]
[EventRounds "1"]
[EventCountry "POL"]
[SourceDate "2011.09.21"]

1. d4 d5 2. Bg5 h6 3. Bh4 Nf6 4. Bxf6 exf6 5. e3 Bf5 6. Nf3 Nd7 7. c4 dxc4 8.
Bxc4 Nb6 9. Bb3 c5 10. O-O cxd4 11. Nxd4 Bg6 12. Qf3 Rb8 13. Rd1 Qc8 14. Nc3
Qc5 15. Rac1 Qh5 16. Qg3 Rd8 17. Ndb5 Qe5 18. Rxd8+ Kxd8 19. Qf3 Qb8 20. Rd1+
Ke8 21. Nd5 Nxd5 22. Qxd5 Be7 23. Nxa7 Qc7 24. Nb5 Qc6 25. Qxc6+ bxc6 26. Nd4
c5 27. Ba4+ Kf8 28. Nc6 Be4 29. Nxe7 Kxe7 30. Rd7+ Ke6 31. Rc7 Kd6 32. Rxf7 Bd5
33. Rd7+ Ke6 34. Rxg7 Bxa2 35. Rc7 Kd5 36. Kf1 Rb8 37. Ke2 Rxb2+ 38. Kf3 Rb4
39. Be8 Kd6 40. Rc6+ Ke7 41. Rc8 Bd5+ 42. Ke2 Rb2+ 43. Ke1 Rb1+ 44. Ke2 Rb2+
45. Ke1 Rb1+ 46. Ke2 Rb2+ 1/2-1/2

[Event "97th YMCA Autumn B"]
[Site "Warszawa"]
[Date "2011.10.05"]
[Round "3"]
[White "Safanowski, Tomasz"]
[Black "Rzepecka, Dorota"]
[Result "1-0"]
[WhiteElo "1953"]
[BlackElo "1897"]
[PlyCount "107"]
[EventDate "2011.09.21"]
[EventType "tourn"]
[EventRounds "1"]
[EventCountry "POL"]
[SourceDate "2011.09.21"]

1. Nf3 Nf6 2. d4 d5 3. e3 Bg4 4. Bd3 e6 5. Nbd2 Bd6 6. c4 c6 7. Qb3 Qb6 8. c5
Qxb3 9. axb3 Bc7 10. b4 Nbd7 11. b5 O-O 12. bxc6 bxc6 13. Ba6 Rab8 14. h3 Bh5
15. Ra3 Rfe8 16. O-O Bxf3 17. Nxf3 Ne4 18. Ne1 e5 19. Nd3 exd4 20. exd4 Bd8 21.
Bf4 Bf6 22. Bxb8 Rxb8 23. Ra4 g6 24. Rd1 Nf8 25. Rb4 Rd8 26. Ne1 Ne6 27. Nc2
Rd7 28. Rb8+ Kg7 29. Rc8 Nd8 30. Nb4 Ng5 31. Nxc6 Nxc6 32. Rxc6 Ne6 33. Bc8 Rc7
34. Rxc7 Nxc7 35. Bd7 Kf8 36. Bc6 Ke7 37. b4 Kd8 38. Kf1 Bg7 39. g3 f5 40. Ke2
Ne6 41. Bxd5 Nxd4+ 42. Ke3 Nc2+ 43. Kf4 Nxb4 44. Bg8+ Kc7 45. Bxh7 Kc6 46. Bxg6
Kxc5 47. Kxf5 Bd4 48. Rxd4 Kxd4 49. h4 a5 50. h5 a4 51. h6 a3 52. h7 a2 53.
h8=Q+ Kd3 54. Qb2 1-0

[Event "97th YMCA Autumn B"]
[Site "Warszawa"]
[Date "2011.10.05"]
[Round "3"]
[White "Bernacki, Gabriel"]
[Black "Rozowski, Marcin"]
[Result "1-0"]
[WhiteElo "1914"]
[BlackElo "1908"]
[PlyCount "65"]
[EventDate "2011.09.21"]
[EventType "tourn"]
[EventRounds "1"]
[EventCountry "POL"]
[SourceDate "2011.09.21"]

1. d4 d5 2. c4 c6 3. Nc3 Nf6 4. e3 e6 5. Nf3 Nbd7 6. Qc2 Bd6 7. g4 h6 8. Rg1
Qe7 9. Bd2 a6 10. O-O-O dxc4 11. e4 e5 12. g5 hxg5 13. Bxg5 b5 14. Nh4 Nb6 15.
Ne2 Qf8 16. dxe5 Bxe5 17. Qd2 Bd7 18. Nf4 c3 19. Qe3 Na4 20. Nd3 cxb2+ 21. Kc2
Bc7 22. Nf5 Bb6 23. Qf3 Rg8 24. Bxf6 gxf6 25. Nd6+ Kd8 26. Qxf6+ Kc7 27. Rxg8
Qxg8 28. Nxf7 Qf8 29. Qe5+ Kb7 30. Nd6+ Ka7 31. f4 Qh6 32. Qe7 Qxh2+ 33. Rd2
1-0

[Event "97th YMCA Autumn B"]
[Site "Warszawa"]
[Date "2011.10.04"]
[Round "3"]
[White "Jozwik, Jacek"]
[Black "Kubeczko, Grzegorz"]
[Result "1/2-1/2"]
[WhiteElo "1998"]
[BlackElo "2005"]
[Annotator "M"]
[PlyCount "63"]
[EventDate "2011.09.21"]
[EventType "tourn"]
[EventRounds "1"]
[EventCountry "POL"]
[SourceDate "2011.09.21"]

1. d4 d5 2. c4 c6 3. Nc3 Nf6 4. Nf3 a6 5. e3 b5 6. cxd5 cxd5 7. Bd3 e6 8. Bd2
Bb7 9. O-O Bd6 10. Rc1 Nbd7 11. Ne2 O-O 12. Qb3 Qe7 13. Ba5 Rfc8 14. a3 Ne4 15.
Rxc8+ Rxc8 16. Rc1 Rxc1+ 17. Nxc1 g5 18. Qc2 g4 19. Bxe4 dxe4 20. Nd2 f5 21.
Bc7 Kf7 22. Ndb3 Bd5 23. Bxd6 Qxd6 24. Nc5 Qc7 25. Qc3 Nb6 26. Ne2 Bc4 27. Nf4
Na4 28. Nxa4 bxa4 29. g3 Qc6 30. h4 Qb5 31. Ng2 Qb3 32. Qxb3 $11 1/2-1/2

[Event "97th YMCA Autumn B"]
[Site "Warszawa"]
[Date "2011.10.05"]
[Round "3"]
[White "Szefer, Michal"]
[Black "Jarmula, Lukasz"]
[Result "0-1"]
[WhiteElo "2041"]
[BlackElo "1940"]
[PlyCount "56"]
[EventDate "2011.09.21"]
[EventType "tourn"]
[EventRounds "1"]
[EventCountry "POL"]
[SourceDate "2011.09.21"]

1. e4 e6 2. d4 d5 3. Nd2 h6 4. Bd3 c5 5. c3 Nc6 6. Ne2 cxd4 7. cxd4 Qb6 8. O-O
Bd7 9. exd5 exd5 10. Nb3 Nf6 11. Bf4 Be7 12. Rc1 O-O 13. Bb1 Rac8 14. Ng3 Na5
15. Nxa5 Qxa5 16. Re1 Bb4 17. Re5 Bd6 18. Bd2 Qb6 19. Nf5 Bxe5 20. Ne7+ Kh8 21.
Nxc8 Qxd4 22. Ne7 Bxh2+ 23. Kxh2 Ng4+ 24. Kg1 Qxf2+ 25. Kh1 Qh4+ 26. Kg1 Qh2+
27. Kf1 Bb5+ 28. Ke1 Qg1# 0-1

[Event "97th YMCA Autumn B"]
[Site "Warszawa"]
[Date "2011.10.05"]
[Round "3"]
[White "Sawicki, Mikolaj"]
[Black "Rusin, Ryszard"]
[Result "1-0"]
[WhiteElo "2034"]
[BlackElo "1859"]
[PlyCount "45"]
[EventDate "2011.09.21"]
[EventType "tourn"]
[EventRounds "1"]
[EventCountry "POL"]
[SourceDate "2011.09.21"]

1. e4 e6 2. d4 d5 3. Nd2 dxe4 4. Nxe4 Be7 5. Nf3 Nd7 6. Bd3 Ngf6 7. Qe2 O-O 8.
O-O b6 9. Re1 Bb7 10. Neg5 Bd6 11. Ne5 Bxe5 12. dxe5 h6 13. exf6 hxg5 14. Bxg5
Nxf6 15. Rad1 Qe7 16. Qe3 Rfd8 17. Qh3 Rd5 18. Bh7+ Kf8 19. Rxd5 Bxd5 20. Be4
Qc5 21. Qh8+ Ke7 22. Qxg7 Qd4 23. Bxd5 1-0

[Event "97th YMCA Autumn B"]
[Site "Warszawa"]
[Date "2011.10.12"]
[Round "4"]
[White "Filar, Slawomir"]
[Black "Rusin, Ryszard"]
[Result "0-1"]
[WhiteElo "2038"]
[BlackElo "1859"]
[PlyCount "99"]
[EventDate "2011.09.21"]
[EventType "tourn"]
[EventRounds "1"]
[EventCountry "POL"]
[SourceDate "2011.09.21"]

1. d4 d5 2. c4 e6 3. Nf3 Be7 4. Nc3 c6 5. e3 Nf6 6. Bd3 Nbd7 7. c5 b6 8. b4 a5
9. Qa4 Bb7 10. b5 cxb5 11. Bxb5 bxc5 12. Ne5 cxd4 13. exd4 Bb4 14. Bd2 Ke7 15.
Nc6+ Bxc6 16. Bxc6 Ra6 17. Bb5 Ra7 18. a3 Bd6 19. O-O Nb6 20. Qb3 Qb8 21. g3
Rc8 22. Rab1 a4 23. Qa2 Qa8 24. Bd3 Nc4 25. Bxc4 Rxc4 26. Nb5 Ra6 27. Nxd6 Kxd6
28. Bf4+ Ke7 29. Rb8 Qa7 30. Qb2 Nd7 31. Rb7 Qa8 32. Qb5 Rac6 33. Rb1 Qa6 34.
Qb2 f6 35. Qd2 Ke8 36. Qd1 g6 37. R1b4 Rxb4 38. Rxb4 Rc4 39. Rxc4 Qxc4 40. Bd6
Qc6 41. Bb4 e5 42. dxe5 fxe5 43. f4 e4 44. Qd4 Qb6 45. Qxb6 Nxb6 46. Kf2 Nc4
47. g4 d4 48. Bc5 d3 49. h3 Kd7 50. h4 0-1

[Event "97th YMCA Autumn B"]
[Site "Warszawa"]
[Date "2011.10.12"]
[Round "4"]
[White "Jarmula, Lukasz"]
[Black "Sawicki, Mikolaj"]
[Result "1-0"]
[WhiteElo "1940"]
[BlackElo "2034"]
[PlyCount "43"]
[EventDate "2011.09.21"]
[EventType "tourn"]
[EventRounds "1"]
[EventCountry "POL"]
[SourceDate "2011.09.21"]

1. d4 d5 2. c4 Nc6 3. Nc3 dxc4 4. Nf3 Bg4 5. d5 Bxf3 6. exf3 Ne5 7. Bf4 Nd3+ 8.
Bxd3 cxd3 9. Nb5 Rc8 10. Nxa7 Ra8 11. Nb5 Rc8 12. Qxd3 c6 13. Nc3 e6 14. d6 Nf6
15. O-O Nd5 16. Nxd5 cxd5 17. Rac1 Rc6 18. Qb5 Qd7 19. Rxc6 Qxc6 20. Qa5 b6 21.
Qa7 e5 22. Rc1 1-0

[Event "97th YMCA Autumn B"]
[Site "Warszawa"]
[Date "2011.10.12"]
[Round "4"]
[White "Kubeczko, Grzegorz"]
[Black "Szefer, Michal"]
[Result "1-0"]
[WhiteElo "2005"]
[BlackElo "2041"]
[PlyCount "109"]
[EventDate "2011.09.21"]
[EventType "tourn"]
[EventRounds "1"]
[EventCountry "POL"]
[SourceDate "2011.09.21"]

1. c4 f5 2. g3 Nf6 3. Nc3 g6 4. Bg2 Bg7 5. d3 O-O 6. e4 fxe4 7. dxe4 d6 8. Nge2
Ng4 9. O-O c6 10. c5 dxc5 11. Qb3+ Kh8 12. Na4 c4 13. Qc2 b5 14. h3 Ne5 15. Nc5
Nd3 16. Be3 Nxc5 17. Bxc5 Na6 18. Rad1 Qc7 19. Bd4 e5 20. Bc3 Be6 21. f4 Rad8
22. Rxd8 Rxd8 23. fxe5 b4 24. Bd2 Bxe5 25. Bg5 Re8 26. Nf4 Bg8 27. h4 Kg7 28.
h5 h6 29. Bxh6+ Kxh6 30. hxg6 Nc5 31. Qe2 Bd4+ 32. Kh2 Qe5 33. Qg4 Qg5 34. Qh3+
Kg7 35. Nh5+ Kxg6 36. Rf5 Re5 37. Nf4+ Kg7 38. Rxg5+ Rxg5 39. Qh4 Bf6 40. Nh5+
Rxh5 41. Qxh5 Nd3 42. Qg4+ Kf8 43. Qc8+ Kg7 44. b3 cxb3 45. Qd7+ Bf7 46. axb3
Nc5 47. Qg4+ Kf8 48. Qf5 Be7 49. e5 Kg7 50. Qg4+ Kf8 51. Qxb4 Nxb3 52. Qb8+ Kg7
53. Bxc6 a5 54. Qa7 Bb4 55. Bd5 1-0

[Event "97th YMCA Autumn B"]
[Site "Warszawa"]
[Date "2011.10.17"]
[Round "4"]
[White "Rzepecka, Dorota"]
[Black "Bernacki, Gabriel"]
[Result "1-0"]
[WhiteElo "1897"]
[BlackElo "1914"]
[PlyCount "105"]
[EventDate "2011.09.21"]
[EventType "tourn"]
[EventRounds "1"]
[EventCountry "POL"]
[SourceDate "2011.09.21"]

1. e4 c6 2. d4 d5 3. exd5 cxd5 4. c4 Nf6 5. Nc3 e6 6. Nf3 Bb4 7. a3 Bxc3+ 8.
bxc3 O-O 9. Bd3 dxc4 10. Bxc4 a6 11. O-O b5 12. Bd3 Bb7 13. Re1 Nbd7 14. Bd2
Rc8 15. Ng5 Nb6 16. Nxh7 Nxh7 17. Bxh7+ Kxh7 18. Qh5+ Kg8 19. Re3 Qd5 20. Qh3
Nc4 21. Rg3 Nxd2 22. Qh6 Qxg2+ 23. Rxg2 Bxg2 24. Qxd2 Bd5 25. Re1 f5 26. Re3
Rf6 27. Rg3 f4 28. Rg4 Rcf8 29. Qe2 Rf5 30. Rg6 R8f6 31. Qg4 Rf7 32. Rg5 Rxg5
33. Qxg5 Rf6 34. Kf1 a5 35. Ke2 a4 36. Qe5 Rf5 37. Qb8+ Kh7 38. Qe8 g6 39. Qe7+
Kh6 40. Qh4+ Kg7 41. Qe7+ Rf7 42. Qg5 Rf6 43. f3 Bc4+ 44. Kf2 Kf7 45. h4 Rf5
46. Qd8 Kg7 47. Qe7+ Kh6 48. Qd8 Kg7 49. Qe7+ Rf7 50. Qg5 Bd3 51. h5 Rf6 52.
h6+ Kf7 53. h7 1-0

[Event "97th YMCA Autumn B"]
[Site "Warszawa"]
[Date "2011.10.12"]
[Round "4"]
[White "Sielicki, Tomasz"]
[Black "Safanowski, Tomasz"]
[Result "1-0"]
[WhiteElo "2022"]
[BlackElo "1953"]
[PlyCount "45"]
[EventDate "2011.09.21"]
[EventType "tourn"]
[EventRounds "1"]
[EventCountry "POL"]
[SourceDate "2011.09.21"]

1. d4 d6 2. e4 Nf6 3. Nc3 Nbd7 4. Nf3 e5 5. g4 h6 6. h3 Be7 7. Bc4 c6 8. Qd3 b5
9. Bb3 a5 10. a4 c5 11. Nxb5 cxd4 12. Qc4 O-O 13. g5 Nh5 14. Rg1 Nc5 15. gxh6
Be6 16. Qe2 Bxb3 17. Nfxd4 Nf4 18. Bxf4 exf4 19. hxg7 Re8 20. Qh5 f6 21. Nf5
Nxe4 22. Nh6+ Kh7 23. g8=Q+ 1-0

[Event "97th YMCA Autumn B"]
[Site "Warszawa"]
[Date "2011.10.19"]
[Round "5"]
[White "Safanowski, Tomasz"]
[Black "Filar, Slawomir"]
[Result "1/2-1/2"]
[WhiteElo "1953"]
[BlackElo "2038"]
[Annotator "M"]
[PlyCount "61"]
[EventDate "2011.09.21"]
[EventType "tourn"]
[EventRounds "1"]
[EventCountry "POL"]
[SourceDate "2011.09.21"]

1. f4 d5 2. Nf3 c5 3. e3 Nf6 4. d3 b6 5. Be2 Bb7 6. b3 g6 7. Bb2 Bg7 8. O-O O-O
9. Ne5 Nbd7 10. Nd2 Rc8 11. Qe1 e6 12. Qh4 Nxe5 13. Bxe5 Nd7 14. Qxd8 Rfxd8 15.
Bxg7 Kxg7 16. Nf3 f6 17. c3 e5 18. fxe5 Nxe5 19. Nxe5 fxe5 20. Bg4 Rc7 21. Rf2
Rf8 22. c4 Rxf2 23. Kxf2 d4 24. exd4 exd4 25. Re1 Rf7+ 26. Bf3 Bxf3 27. gxf3
Kf6 28. Kg3 Re7 29. Re4 Re5 30. h4 h6 31. Kg4 $11 1/2-1/2

[Event "97th YMCA Autumn B"]
[Site "Warszawa"]
[Date "2011.10.24"]
[Round "5"]
[White "Bernacki, Gabriel"]
[Black "Sielicki, Tomasz"]
[Result "1/2-1/2"]
[WhiteElo "1914"]
[BlackElo "2022"]
[Annotator "M"]
[PlyCount "96"]
[EventDate "2011.09.21"]
[EventType "tourn"]
[EventRounds "1"]
[EventCountry "POL"]
[SourceDate "2011.09.21"]

1. d4 d6 2. c4 e5 3. dxe5 dxe5 4. Qxd8+ Kxd8 5. Nc3 Be6 6. e3 c6 7. Bd2 Nd7 8.
O-O-O Kc7 9. Nf3 f6 10. Be2 a5 11. Na4 Ne7 12. Bc3 Nc8 13. Nd2 Ncb6 14. Nxb6
Nxb6 15. Kc2 Na4 16. h4 Nxc3 17. Kxc3 Bb4+ 18. Kc2 Rhd8 19. a3 Bc5 20. Kc3 a4
21. Ne4 Bb6 22. Kc2 Bf5 23. Bf3 Ba5 24. Kc1 Be6 25. Be2 b6 26. h5 h6 27. g4
Rxd1+ 28. Rxd1 Rd8 29. Ng3 Rxd1+ 30. Kxd1 Bd7 31. f3 b5 32. Kc2 b4 33. Ne4 b3+
34. Kd3 Kb6 35. Nd6 c5 36. f4 exf4 37. exf4 Kc6 38. Ne4 f5 39. Nf2 Bd8 40. Bf3+
Kd6 41. gxf5 Bxf5+ 42. Be4 Bd7 43. Bg6 Bc6 44. Ne4+ Bxe4+ 45. Kxe4 Bf6 46. Be8
Bxb2 47. Bxa4 Bxa3 48. Bxb3 Bb2 $11 1/2-1/2